Normal view
MARC view
- قانون - المعاجم
Entry Topical Term
001 - CONTROL NUMBER
- control field: 46911
003 - CONTROL NUMBER IDENTIFIER
- control field: JO-AjAnu
005 - DATE AND TIME OF LATEST TRANSACTION
- control field: 20230606081741.0
008 - FIXED-LENGTH DATA ELEMENTS
- fixed length control field: 230606|| aca||aabn | a|a d
040 ## - CATALOGING SOURCE
- Original cataloging agency: JO-AjAnu
- Transcribing agency: JO-AjAnu
150 ## - HEADING--TOPICAL TERM
- Topical term or geographic name entry element: قانون - المعاجم
670 ## - SOURCE DATA FOUND
- Source citation: Work cat.: (JO-AjAnu)24009: كرم، عبد الواحد, author 46910, معجم مصطلحات الشريعة والقانون (عربي - فرنسي - إنجليزي)